000 02141nam a22002537a 4500
999 _c1609
_d1609
003 AR-CdUCM
008 190227b ||||| |||| 00| 0 spa d
020 _a84-89292-26-4
040 _aMUNICIPALIDAD PROVINCIAL DEL CUSCO
_cBIBLIOTECA MUNICIPAL DEL CUSCO
082 _a985.0092 /
_bC61
100 _aCieza de León, Pedro de
_96025
245 _aCrónica del Perú /
260 _aPerú :
_bPontificia Universidad de Católica del Perú,
_bAcademia Nacional de la Historia,
_c1985.
300 _a2 partes ;
_c20.5 cm.
_bilustraciones,
440 _aColección Clásicos peruanos / dirigida por Franklin Pease G.Y
_96026
505 _aContenido: p.1: Capítulo primero, en que se tracta el descubrimiento de las Indias -- Capítulo segundo de la ciudad de Panamá y de su fundación -- Capítulo tercero de los puertos que ay desde la ciudad de Panamá hasta llegar a la tierra del Perú ... p.2: Que trata lo que dizen los yndios deste reyno que avía antes de los Yngas fuesen conocidos y de como tenian fortalezas por los collados, de donde salian a se dar guerra (los) unos a los otros -- De lo que dizen estos naturales de Ticiviracoche y de la opinión que algunos tienen en que atraveco un Apóstol por esta tierra, y del templo que hay en Cacha y de lo que alli paso -- Como remanecieron en Pacaritambo ciertos hombres y mujeres y de lo que quentan que hizieron después que de allí salieron -- De cómo, estando los dos hermanos en Tanbo Quiro, vieron salir con alas de pluma al que avían, con engaño metido en la cueba, el qual les dixo que fuesen a fundar la gran cibdad del Cuzco; y como partieron de Tambo Quiro -- Como despues de Mango Capa vio que sus hermanos se avían convertido en piedras vino a un balle donde halló algunas jentes y por él fue fundada y edificada la antigua y muy riquisima cibdad del Cuzco, cabeca prencipal que fue de todo el ynperio de los Yngas
650 _aPerú
_935
650 _aHistoria
_9136
650 _aConquista
_91045
700 _aPease G. Y., Franklin (introducción)
_96027
700 _aCantú, Francesa (prólogo)
_96028
942 _2ddc
_cLIBROS
945 _aafb
_d2019-02-27